| 000 | 01071cam a22002771i 4500 | ||
|---|---|---|---|
| 003 | SA-RiAUC | ||
| 005 | 20250506095242.0 | ||
| 008 | 250429s1975 su g f00000 ara c | ||
| 040 |
_aSA-JeALM _bara _cSA-RiAUC _erda |
||
| 043 | _aa-su--- | ||
| 050 | 4 | _bM34 1975 | |
| 082 | 0 | 4 |
_a398.910953121 _qSA-RiAUC |
| 090 |
_a398.910953121 _b م ح ض |
||
| 100 | 1 |
_aمحضر، حسين عبد الله _eمؤلف. |
|
| 245 | 1 | 2 |
_aالأمثال العامية في مكة المكرمة / _cحسين عبد الله محضر. |
| 250 | _aالطبعة الأولى. | ||
| 264 | 1 |
_aمكة المكرمة : _bنادي مكة الثقافي، _c1975 |
|
| 300 |
_a183 صفحة ؛ _c24 سم |
||
| 336 |
_aنص _btxt _2rdacontent _3كتاب |
||
| 337 |
_aبدون وسيط _bn _2rdamedia |
||
| 338 |
_aمجلد _bnc _2rdacarrier |
||
| 500 | _aإهداء من المؤلف حسين عبد الله محضر. | ||
| 650 | 7 |
_aالأمثال العامية العربية _zمكة المكرمة _2aucsh |
|
| 942 |
_2ddc _cBOOK _n0 |
||
| 949 |
_aSA-JeALM _d250429 _umohamedma123 _n1 |
||
| 999 |
_c7675 _d7675 |
||